[Event "Mittelfranken-ch HT 59th"]
[Site "Forchheim"]
[Date "2010.04.01"]
[Round "6"]
[White "Wittmann, Helmut"]
[Black "Vasilache, Catalin"]
[Result "1-0"]
[WhiteElo "2043"]
[BlackElo "1983"]
[PlyCount "41"]
[EventDate "2010.03.30"]
[EventType "swiss"]
[EventRounds "9"]
[EventCountry "GER"]
[SourceTitle "EXT 2011"]
[Source "ChessBase"]
[SourceDate "2010.11.26"]
[SourceVersion "1"]
[SourceVersionDate "2010.11.26"]
[SourceQuality "1"]

1. d4 d5 2. Nf3 Nf6 3. c4 e6 4. Bg5 Be7 5. Qc2 Ne4 6. Bxe7 Qxe7 7. e3 Nd7 8. cxd5 exd5 9. Qxc7 Qb4+ 10. Nbd2 Nxd2 11. Nxd2 Qxb2 12. Rb1 Qa3 13. Bb5 Qe7 14. Bxd7+ Qxd7 15. Qe5+ Kf8 16. 0-0 b6 17. Rfc1 Ba6 18. Rc7 Qe6 19. Rxa7 Qxe5 20. Rxa8+ Ke7 21. Ra7+ 1-0

[Event "Regionalliga NO 0910"]
[Site "Bayern"]
[Date "2010.02.07"]
[Round "6.5"]
[White "Klek, Hanna Marie"]
[Black "Vasilache, Catalin"]
[Result "1/2-1/2"]
[WhiteElo "2122"]
[BlackElo "1980"]
[PlyCount "40"]
[EventDate "2009.10.18"]
[EventType "team-tourn"]
[EventRounds "9"]
[EventCountry "GER"]
[SourceTitle "EXT 2011"]
[Source "ChessBase"]
[SourceDate "2010.11.26"]
[SourceVersion "1"]
[SourceVersionDate "2010.11.26"]
[SourceQuality "1"]
[WhiteTeam "Erlangen"]
[BlackTeam "Buechenbach/Roth"]
[WhiteTeamCountry "GER"]
[BlackTeamCountry "GER"]

1. e4 c6 2. Nf3 d5 3. exd5 cxd5 4. Ne5 Nc6 5. Bb5 Bd7 6. Nxd7 Qxd7 7. d4 Nf6 8. 0-0 e6 9. Bf4 a6 10. Ba4 b5 11. Bb3 Bd6 12. Bxd6 Qxd6 13. c3 0-0 14. Nd2 Rfc8 15. Re1 Na5 16. Re3 b4 17. Rc1 bxc3 18. Rexc3 Rxc3 19. Rxc3 Nxb3 20. Qxb3 h6 1/2-1/2

[Event "Mittelfranken-ch HT 58th"]
[Site "Postbauer"]
[Date "2009.04.09"]
[Round "5.11"]
[White "Varga, Gabriel Vlad"]
[Black "Vasilache, Catalin"]
[Result "1-0"]
[WhiteElo "1913"]
[BlackElo "1946"]
[PlyCount "123"]
[EventDate "2009.04.07"]
[EventType "swiss"]
[EventRounds "9"]
[EventCountry "GER"]
[SourceTitle "EXT 2011"]
[Source "ChessBase"]
[SourceDate "2010.11.26"]
[SourceVersion "1"]
[SourceVersionDate "2010.11.26"]
[SourceQuality "1"]

1. e4 Nf6 2. e5 Nd5 3. d4 d6 4. Nf3 dxe5 5. Nxe5 c6 6. Qf3 Be6 7. Bc4 Nd7 8. 0-0 Nxe5 9. dxe5 Qc7 10. Qe2 g6 11. a4 Bg7 12. f4 h5 13. a5 Rd8 14. Nd2 b5 15. Bb3 Qb8 16. Ne4 Bf5 17. Ng3 Bg4 18. Qe1 h4 19. Ne4 Qc8 20. c4 bxc4 21. Bxc4 Bf5 22. Ra3 h3 23. g3 Bxe4 24. Qxe4 Qf5 25. Qe2 Qd7 26. Rd3 Qc7 27. Bd2 e6 28. Rc1 Ne7 29. Bb4 Rxd3 30. Qxd3 0-0 31. Qd6 Qxd6 32. Bxd6 Re8 33. Bf1 Nf5 34. Bc5 Rb8 35. Bxa7 Rxb2 36. Rxc6 Bf8 37. Rc8 Ne7 38. Rb8 Rxb8 39. Bxb8 Nc6 40. Bc7 Bb4 41. a6 Bc5+ 42. Kh1 Ba7 43. Bxh3 Kf8 44. Bg2 Nb8 45. Bf1 Ke7 46. Bb5 Nd7 47. Kg2 Nb6 48. Bd6+ Kd8 49. Bc5 Nc8 50. Bxa7 Nxa7 51. Bf1 Ke7 52. Kf3 Nc6 53. h4 f6 54. exf6+ Kxf6 55. Ke4 Ke7 56. g4 Kf7 57. Bb5 Na7 58. Ba4 Nc8 59. Kd4 Ke7 60. Bc2 Kf6 61. Kc5 Kg7 62. Kc6 1-0